US States Beginning with the Letters of JETPUNK - Statistics

General Stats
  • This quiz has been taken 735 times
  • The average score is 13 of 14
Answer Stats
US State % Correct
Kansas
96%
Utah
96%
New York
95%
North Carolina
95%
North Dakota
95%
New Jersey
94%
Pennsylvania
94%
Tennessee
94%
Kentucky
93%
New Mexico
93%
Texas
93%
New Hampshire
92%
Nevada
91%
Nebraska
90%
No matching quizzes found
Score Distribution
Percent of People with Each Score
Percentile by Number Answered
Your Score History
You have not taken this quiz